Inovatívne prístupy v telesnej výchove pre študentov so zdravotnými obmedzeniami

Na minha lista:
Detalhes bibliográficos
Autor principal: Lörincziová, Drahomíra, 1971-
Formato: Capítulo de Livro
Idioma:eslovaco
Assuntos:
Tags: Adicionar Tag
Sem tags, seja o primeiro a adicionar uma tag!

MARC

LEADER 00000naa$a2200000$$$4500
001 0306569
005 20251028111653.1
041 0 |a slo 
044 |a SK 
245 1 0 |a Inovatívne prístupy v telesnej výchove pre študentov so zdravotnými obmedzeniami  |c Drahomíra Lörincziová 
500 |a Abstrakt 
610 2 0 |a šport 
610 2 0 |a školy vysoké 
610 2 0 |a osoby zdravotne postihnuté 
610 2 0 |a študenti 
610 2 0 |a zdravie 
100 1 |a Lörincziová, Drahomíra, 1971-